| 000 | 00640nam a2200241Ia 4500 | ||
|---|---|---|---|
| 003 | OSt | ||
| 005 | 20220918203822.0 | ||
| 006 | a|||||r|||| 00| 0 | ||
| 007 | ta | ||
| 008 | 220917b |||||||| |||| 00| 0 eng d | ||
| 024 | _a109,925 | ||
| 037 | _cTextual | ||
| 040 |
_aARTS _cARTS _beng |
||
| 041 |
_2eng _aeng |
||
| 082 | _aV41:1:N5, k33 | ||
| 100 |
_aYoung Arthur N _9109824 |
||
| 245 | 0 | _aChina and the helping hand 193-45 | |
| 260 | _c1963 | ||
| 490 | _aAmerican foreign policy library ed by Crane Brinton | ||
| 650 | _aHISTORY | ||
| 942 |
_hV41:1:N5, k33 _cTEXL _2CC |
||
| 999 |
_c233275 _d233275 |
||